000 00537nam a2200217Ia 4500
003 OSt
005 20220926044707.0
006 a|||||r|||| 00| 0
007 ta
008 220923b |||||||| |||| 00| 0 eng d
037 _cGeneral Book
040 _aRTL
_cRTL
_beng
041 _2eng
_aeng
082 _aV2z7, K4
100 _aSanthanam K
245 0 _aTransition in India and other essays
260 _c1964
650 _aIndian History
942 _hV2z7, K4
_cGB
_2CC
999 _c675547
_d675547